000 00573nmm a2200169Ia 4500
008 251105s9999||||xx |||||||||||||||||und||
020 _a8479088087
041 _aspa
100 _aSt. Clair Segurado, Eva María
245 0 _aFlagellum iesuitarum. La polémica sobre los jesuitas en México (1754-1767)
264 _a[Madrid, España] :
_bPublicaciones de la Universidad de Alicante,
_c2004
300 _a128 páginas
490 _aHistoria
650 _aHistory of the Americas: Latin America
856 _uhttps://public.digitaliapublishing.com/a/653
942 _cCF
999 _c73631
_d73631